Claudine Cohen, La Méthode de Zadig. La trace, le fossile, la preuve, Paris, Le Seuil, 2011, 341 p., bibl., index, ill., fig. (« Science ouverte »). (notice n° 1646458)
[ vue normale ]
| 000 -LEADER | |
|---|---|
| fixed length control field | 00559cam a2200145 4500500 |
| 005 - DATE AND TIME OF LATEST TRANSACTION | |
| control field | 20260208002444.0 |
| 041 ## - LANGUAGE CODE | |
| Language code of text/sound track or separate title | fre |
| 042 ## - AUTHENTICATION CODE | |
| Authentication code | dc |
| 100 10 - MAIN ENTRY--PERSONAL NAME | |
| Personal name | Masset, Claude |
| Relator term | author |
| 245 00 - TITLE STATEMENT | |
| Title | Claudine Cohen, La Méthode de Zadig. La trace, le fossile, la preuve, Paris, Le Seuil, 2011, 341 p., bibl., index, ill., fig. (« Science ouverte »). |
| 260 ## - PUBLICATION, DISTRIBUTION, ETC. | |
| Date of publication, distribution, etc. | 2012.<br/> |
| 500 ## - GENERAL NOTE | |
| General note | 74 |
| 786 0# - DATA SOURCE ENTRY | |
| Note | L'Homme | 202 | 2 | 2012-05-01 | p. 227a-228a | 0439-4216 |
| 856 41 - ELECTRONIC LOCATION AND ACCESS | |
| Uniform Resource Identifier | <a href="https://shs.cairn.info/revue-l-homme-2012-2-page-227a?lang=fr&redirect-ssocas=7080">https://shs.cairn.info/revue-l-homme-2012-2-page-227a?lang=fr&redirect-ssocas=7080</a> |
Pas d'exemplaire disponible.




Réseaux sociaux